000 00581nam a22002057a 4500
005 20240611041712.0
008 240611b |||||||| |||| 00| 0 eng d
020 _a9789381345160
082 _222
_a305
_bTAG
245 _aTagore's Ideas of the new woman
_bThe Making and unmaking of Female Subjectivity
250 _a1 st
260 _aNew Delhi
_bSAGE Publications India Pvt Ltd
_c2017
300 _axxxvi, 276 p .,
650 _aWoman
650 _aGender
650 _aSocial
700 _aChakravarthy, Chandrava
_eedt
700 _aChaudhuri, Sneha kar
_eedt
942 _cL
999 _c5890
_d5890